000 05649cam a22012734i 4500
003 PE-LiUPU
005 20250813185624.0
008 150706s2008 r 000 0 d
020 _a9789587161847
035 _a(Sirsi) i9789587161847
040 _aPE-LiUPU
_bspa
_cPE-LiUPU
_erda
049 _aPRUA
082 0 4 _a363.5
_bV7
_221
245 0 1 _aVivienda social en Colombia :
_buna mirada desde su legislación 1918-2005 /
_ceditores académicos Olga Lucía Ceballos Ramos, Alberto Saldarriaga Roa y Doris Tarchópulos Sierra Ramos.
264 1 _aBogotá :
_bPontificia universidad Javeriana,
_c2008.
300 _a277 páginas ;
_c28 cm.
300 _aCD-ROM
336 _atext
_2rdacontent
337 _aunmediated
_2rdamedia
338 _avolume
_2rdacarrier
504 _aIncluye bibliografía.
505 0 _aEl inicio de la acción estatal frente al problema de la vivienda. El énfasis en el higienismo (1918-1942) -- El gobierno del presidente Marco Fidel Suárez (1918-1921) -- El gobierno del presidente Jorge Holguín Mallarino (1921-1922) -- El gobierno del presidente Pedro Nel Ospina Vásquez (1922-1926) -- El gobierno del presidente Miguel Abadía Méndez (1926-1930) -- El gobierno del presidente Enrique Olaya Herrera (1930-1934)- -El gobierno del presidente Alfonso López Pumarejo (1934-1938) -- El gobierno del presidente Eduardo Santos Montejo (1938-1942) -- La institucionalización de la acción estatal frente al problema de la vivienda (1942-1965) -- La primera presidencia de Alberto Lleras Camargo 1945--1946 -- El gobierno del presidente Mariano Ospina Pérez 1946-1950 -- El gobierno del presidente Laureano Gómez Castro 1950-1951 -- El gobierno del presidente Roberto Urdaneta Arbeláez 1951-1953 -- El gobierno militar del teniente general Gustavo Rojas Pinilla 1953-1957 -- El gobierno de la Junta Militar 1957-1958 -- El gobierno del presidente Alberto Lleras Camargo 1958-1962 -- El gobierno del presidente Guillermo León Valencia Muñoz 1962-1966 -- La transición en el manejo institucional del problema de la vivienda 1965-1972 -- Guillermo León Valencia Muñoz, la etapa final de su gobierno (1962-1966) -- El gobierno del presidente Carlos Lleras Restrepo (1966-1970) -- Primera parte del gobierno de Misael Pastrana Borrero (1970-1974) -- La creación de las corporaciones de ahorro y vivienda (1972-1990) -- La etapa final del gobierno del presidente Misael Pastrana Borrero (1970-1974) -- El gobierno del presidente Alfonso López Michelsen (1974-1978) -- El gobierno del presidente Julio César Turbay Ayala (1978-1982) -- El gobierno del presidente Belisario Betancur Cuartas (1982-1986) -- El gobierno del presidente Virgilio Barco Vargas 1986-1990 -- El sistema nacional de vivienda de interés social (1990-2007) -- El cambio de modelo en el gobierno de César Gaviria Trujillo, "La Revolución Pacífica" (1990-1994) -- La solidaridad social y la vivienda en el gobierno de Ernesto Samper Pizano (1994-1998) -- La construcción de la paz y la vivienda social en el gobierno de Andrés Pastrana Arango 1998-2002 -- La vivienda en el gobierno de Álvaro Uribe Vélez 2002-2006 -- La vivienda en el "estado comunitario: desarrollo para todos" Plan Nacional de desarrollo de Álvaro Uribe Vélez 2006-2010.
526 _aP202
526 _aP201
526 _aP163
526 _aP162
526 _aP161
526 _aP160
526 _aP148
526 _aP147
526 _aP146
526 _aP145
526 _aP144
526 _aP143
526 _aP142
526 _aP141
526 _aP140
526 _aP139
526 _aP138
526 _aP137
526 _aP136
526 _aP135
526 _aP134
526 _aP133
526 _aP129
526 _aP128
526 _aP127
526 _aP120
526 _aP119
526 _aP118
526 _aP116
526 _aP115
526 _aP114
526 _aP110
526 _aP109
526 _aP108
526 _aP104
526 _aP103
526 _aP102
526 _aP99
526 _aP98
526 _aP97
526 _aP96
526 _aP95
526 _aP93
526 _aP90
526 _aP89
526 _aP88
526 _aP83
526 _aP82
526 _aP62
526 _aP59
526 _aP58
526 _aP57
526 _aP51
526 _aP49
526 _aP48
526 _aP47
526 _aP29
526 _aP24
526 _aP20
526 _aP19
526 _aP17
526 _aP15
526 _aP14
526 _aP12
526 _aP10
526 _aP09
526 _aP08
526 _aP07
526 _aP06
526 _aP05
526 _aP04
526 _aP01
541 _g000006010;
650 0 4 _aPolítica de vivienda
_zColombia.
650 0 4 _aViviendas sociales
_zColombia.
650 0 4 _aViviendas sociales
_xLegislación
_zColombia.
650 0 4 _aVivienda popular
_xLegislación
_zColombia.
700 1 _aCeballos Ramos, Olga Lucía,
_eed.
700 1 _aTarchópulos Sierra, Doris,
_eInvest.
700 1 _aSaldarriaga Roa, Alberto,
_eInvest.
910 _agl
_clch
_d20130829
942 _2ddc
_cBOOK
949 _a363.5 V7
_wDEWEY
_c1
_i67905
_lCCODEBUL1
_mBUL
_p50.00
_r0
_sY
_tBOOK
_u2015-7-6
_xINGENIERIA
_PP06
_o.STAFF. Colección General
994 _aC0
_bPEPRU
596 _a1
999 _a363.5 V7
_wDEWEY
_c55471
_i67905
_d55471
_f2021-11-5
_g7
_lCCODEBUL1
_mBUL
_p50.00
_q1
_r0
_sY
_tBOOK
_u2015-7-6
_xBIBLIOTECA
_PP06
_0COMPRA
_o.STAFF. Colección Ingenieria y Arquitectura
980 _81
_gALBERTO SANCHEZ Responsable de Automatización